000 00690nam a22002057a 4500
005 20161124160201.0
010 _aENG-116642
020 _a9788184845334
_c1280.00
035 _aEN-100174
037 _bDBAD/PUB
082 _a791.430954
100 _aGautam, Daya Nand
245 _aCinema and society :
_cedited by Daya Nand Gautam ; foreword by Balwant Kumar
_bits influence and importance in different spheres of human life /
260 _aNew Delhi
_bRegal Publications
_c2016
270 _aF-159, Rajouri Garden
_bNew Delhi
_e110041
300 _ax,287p.
_c22cm(Hb)
500 _aIncludes index
700 _aBalwant Kumar
942 _2ddc
_cEN
_h791.430954
_mGAU
999 _c104753
_d104753